000
00248nam a2200109Ia 4500
008
190216s9999||||xx |||||||||||||| ||und||
100
_a
Salim Ali
245
0
_a
Common Birds
260
_b
National Book Trust India
650
_a
Zoology
942
_c
BK
999
_c
37306
_d
37306